Statistiques concernant Les featurings de 4Keus

Cliquez ici pour prendre le quiz!

Statistiques générales

  • Ce quiz a été pris 58 fois
  • Le résultat moyen est 12 sur 34

Statistiques - réponses

DépartementArtisteSons% Correct
91NiskaMD (2019)
100%
60NazaMignon garçon (2018), Million de dollars (2019)
92%
60KeBlackMignon garçon (2018)
84%
75LetoHood (2018), Flashback (2020)
73%
UnknownSiboyEn bas (2019)
57%
13AlonzoC'est la vie (2020)
55%
93Q.E FavelasFacilité (2018), Meeting (2018)
47%
UnknownDJ BabsTout est bon (2018)
45%
93Hornet la FrappeSportback (2020)
45%
93DadjuTout terrain (2020)
43%
93LandyAmour & Street (2020)
43%
75S.Pri NoirToute la night (2018), Night and Day (2020)
43%
UnknownDryMignon garçon (2018)
41%
95Key LargoM'en sortir (2020)
39%
UnknownSidiki DiabatéC'est Dieu qui donne (2018)
39%
13100 BlazeGanja (2020)
35%
94OBOYMeilleurs (2020)
35%
93DineroFaut consommer (2020)
29%
UnknownLa SynesiaCRCLR (2019)
29%
UnknownStill FreshLESA (2019)
29%
UnknownBrvmsooSale boulot (2020)
24%
UnknownDarkooCinderella (2020)
24%
UnknownMelinaVendeur de rêves (2018)
20%
Unknown4000 CARATSC'est à nous (2018), Cooloolé (2018)
18%
UnknownYaroLa galère (2020)
16%
UnknownDJ LeskaRatata (2018)
14%
ALGDJ KayzJ'm'en vais (2018)
12%
UnknownAl PatchDéconnecté (2021)
10%
93Mac TyerLe prix (2021)
10%
UnknownWeei SoldatQualité (2018), La rue (2022)
10%
UnknownHocine StaifiUnis (2018)
8%
UnknownDriksC'est comment (2017)
6%
UnknownMc EmmmRatata (2018)
4%
UnknownIsmo Z17Walking dead (2018)
2%

Distribution des résultats

Percentile par nombre de réponses

% des personnes avec chaque résultat

Votre développement - résultats

Vous n’avez pas pris ce quiz